Visualizzazione normale
Vista MARC
- Petrassi Goffredo
di Personal Name
Records bibliografici associati: 1
001 - CONTROL NUMBER
- control field: 46455
003 - CONTROL NUMBER IDENTIFIER
- control field: IT-RoPau
005 - DATE AND TIME OF LATEST TRANSACTION
- control field: 20151130205231.0
008 - FIXED-LENGTH DATA ELEMENTS
- fixed length control field: 151130|| aca||aabn | a|a d
040 ## - CATALOGING SOURCE
- Original cataloging agency: IT-RoPau
- Transcribing agency: IT-RoPau
100 ## - HEADING--PERSONAL NAME
- Personal name: Petrassi Goffredo
- Relator term: (musica)
- Miscellaneous information: Codice Musica SPICS: 2655
670 ## - SOURCE DATA FOUND
- Source citation: Work cat.: (IT-RoPau)106356: De Santis Giuseppe Codice regista SPICS: 7279 46450, RISO AMARO RISO AMARO (Rif. Codice opera principale : A9939)